000 00973nam a22002057a 4500
001 2354
005 20250820110245.0
020 _a708431205529
040 _aFISKH
_bFISKH
_ceng
_dFISKH
082 _a791.43
100 _aAnonymous
245 _aThe enchanted rose :
_cBeauty and the Beast /
260 _bLeap Frog :
_c2013
300 _a26 pages :
_billustrations ;
_c23 cm
505 _aF
520 _aA man came to a strange palace. He saw nobody but, before he left, he picked a rose for Beauty, his youngest daughter. Then he saw a terrible, angry beast. The Beast wanted one of the man's daughters to come and live with him. If not, the man must die. Beauty went to live with the Beast. He wanted to marry her, but she could not love him. Beauty leaves him, but she dreams that he is dying. At last she understands that kindness is more important than a beautiful face.
521 _a400
_bLexile estimate
521 _aF
_bRaz-Plus
942 _2ddc
_cBK
_n0
999 _c2354
_d2354